Soul of Spain (The), vol.1 (Lp Ss 510) (Record n. 103744)

Dettagli MARC
000 -LEADER
fixed length control field 01147njm a2200313Ia 4500
001 - CONTROL NUMBER
control field 23883
003 - CONTROL NUMBER IDENTIFIER
control field IT-RoPAU
005 - DATE AND TIME OF LATEST TRANSACTION
control field 20220918181213.0
008 - FIXED-LENGTH DATA ELEMENTS--GENERAL INFORMATION
fixed length control field 131025s9999 xx 000 0 und d
040 ## - CATALOGING SOURCE
Original cataloging agency IT-RoPAU
040 ## - CATALOGING SOURCE
Transcribing agency IT-RoPAU
999 ## - SYSTEM CONTROL NUMBERS (KOHA)
Koha Dewey Subclass [OBSOLETE] n.d.
100 ## - MAIN ENTRY--PERSONAL NAME
Personal name AA.VV.
9 (RLIN) 794
100 ## - MAIN ENTRY--PERSONAL NAME
Relator term Autore musica
9 (RLIN) 6954
100 ## - MAIN ENTRY--PERSONAL NAME
Miscellaneous information Codice autore musica SPICS: 12000
9 (RLIN) 796
245 ## - TITLE STATEMENT
Title Soul of Spain (The), vol.1 (Lp Ss 510)
250 ## - EDITION STATEMENT
Edition statement 1a ed.
260 ## - PUBLICATION, DISTRIBUTION, ETC. (IMPRINT)
Place of publication, distribution, etc. MILANO
260 ## - PUBLICATION, DISTRIBUTION, ETC. (IMPRINT)
Name of publisher, distributor, etc. BLUEBELL RECORDS
300 ## - PHYSICAL DESCRIPTION
Extent DISCO
500 ## - GENERAL NOTE
General note Musica folk spagnola.
505 ## - FORMATTED CONTENTS NOTE
Formatted contents note Espana - Domingo en Seville - Macarenas - La violetera - Espana cani - Malaguena
511 ## - PARTICIPANT OR PERFORMER NOTE
Participant or performer note Orchestra 101 String diretta da Muller Lampertz Rich
650 ## - SUBJECT ADDED ENTRY--TOPICAL TERM
Topical term or geographic name as entry element FOLK [DISCHI]
Relator term Codice MATERIA SPICS: 9950
9 (RLIN) 1209
700 ## - ADDED ENTRY--PERSONAL NAME
Personal name Kelly Michael
Dates associated with a name Codice autore musica SPICS: 19461
Relator term Autore musica
Name of part/section of a work Espana - Domingo en Seville - Macarenas - La violetera
9 (RLIN) 6955
700 ## - ADDED ENTRY--PERSONAL NAME
Personal name Marquina
Dates associated with a name Codice autore musica SPICS: 14394
Relator term Autore musica
Name of part/section of a work Espana cani
9 (RLIN) 6956
700 ## - ADDED ENTRY--PERSONAL NAME
Personal name Lecuona M.
Dates associated with a name Codice autore musica SPICS: 14010
Relator term Autore musica
Name of part/section of a work Malaguena
9 (RLIN) 6957
942 ## - ADDED ENTRY ELEMENTS (KOHA)
Koha item type DISCHI
Source of classification or shelving scheme Dewey Decimal Classification
Dati di copia
Withdrawn status Lost status Damaged status Not for loan Home library Current library Date acquired Total Checkouts Full call number Date last seen Price effective from Koha item type Public note
    Buone Condizioni Not For Loan SPICS-MEDIATECA SPICS-MEDIATECA 25/10/2013   23883 25/10/2013 25/10/2013 DISCHI Progr. Ins.: 4730 / N.Vol.: 1 / Copie: 1 - Copia rara: n.d. / date import: 01.01.2014 - By Epidotti, Trombetti, Vaglietti
CREDITS: SOCIETA' SAN PAOLO Via A.Severo, 58 - ROMA (RM) & PERIODICI SAN PAOLO SRL Via Giotto, 36 MILANO & CISF Via Giotto, 36 MILANO & EDIZIONI SAN PAOLO SRL,  Piazza Soncino, 5 CINISELLO BALSAMO (MI) -- ITALY